Loading...
| 1 | 4 | 0 | 1 | 55 | 60 | 117.60 | 1 | 5 | 0.00 | 0.00 | |
| History - World | 0 | 5 | 0 | 0 | 50 | 66 | 102.40 | 2 | 5 | 0.00 | 0.00 |
| Literature - British | 0 | 4 | 1 | 0 | 35 | 116 | 140.00 | 0 | 4 | 0.00 | 0.00 |
| History - American | 0 | 3 | 0 | 0 | 30 | 113 | 114.67 | 0 | 3 | 0.00 | 0.00 |
| History - European | 0 | 3 | 0 | 0 | 30 | 96 | 106.33 | 1 | 3 | 0.00 | 0.00 |
| Literature - American | 0 | 3 | 0 | 0 | 30 | 140 | 144.00 | 0 | 3 | 0.00 | 0.00 |
| Literature - European | 0 | 3 | 1 | 0 | 25 | 119 | 133.00 | 0 | 2 | 0.00 | 0.00 |
| Fine Arts - Visual | 0 | 3 | 1 | 0 | 25 | 88 | 114.33 | 1 | 3 | 0.00 | 0.00 |
| Other Arts: Auditory | 0 | 2 | 0 | 0 | 20 | 101 | 121.00 | 0 | 2 | 0.00 | 0.00 |
| Fine Arts - Auditory | 0 | 2 | 0 | 0 | 20 | 126 | 133.50 | 1 | 1 | 0.00 | 0.00 |
| Geography | 0 | 2 | 0 | 1 | 20 | 93 | 114.50 | 1 | 2 | 0.00 | 0.00 |
| Philosophy | 0 | 2 | 1 | 0 | 15 | 92 | 97.50 | 0 | 2 | 0.00 | 0.00 |
| Ancient History and Archaeology | 0 | 1 | 0 | 0 | 10 | 114 | 114.00 | 0 | 1 | 0.00 | 0.00 |
| Other Science: Computer Science | 0 | 1 | 0 | 0 | 10 | 130 | 130.00 | 0 | 1 | 0.00 | 0.00 |
| Other Science: Math | 0 | 1 | 0 | 1 | 10 | 147 | 147.00 | 0 | 1 | 0.00 | 0.00 |
| Chemistry> | 0 | 1 | 0 | 0 | 10 | 108 | 108.00 | 0 | 1 | 0.00 | 0.00 |
| Science - Chemistry | 0 | 1 | 0 | 0 | 10 | 107 | 107.00 | 1 | 1 | 0.00 | 0.00 |
| Science - Physics | 0 | 1 | 0 | 0 | 10 | 124 | 124.00 | 1 | 1 | 0.00 | 0.00 |
| World and Other Literature | 0 | 1 | 0 | 0 | 10 | 133 | 133.00 | 0 | 1 | 0.00 | 0.00 |
| Science - Biology | 0 | 1 | 1 | 0 | 5 | 101 | 101.00 | 1 | 1 | 0.00 | 0.00 |
| Beliefs | 0 | 1 | 1 | 0 | 5 | 112 | 112.00 | 1 | 1 | 0.00 | 0.00 |
| Social Science | 0 | 0 | 0 | 0 | 0 | 0.00 | 0 | 0 | 0.00 | 0.00 |